Top 10 herbat dla zdrowia - Statystyki

Ogólne statystyki
  • Ten quiz został rozwiązany 55 razy
  • Średni wynik to 4 z 10
Statystyki odpowiedzi
Podpowiedź herbata % Poprawnych
Ta herbata ma większe stężenie flawonoidów, zwłaszcza teaflawin i tearubin, które są silnymi przeciwutleniaczami. Naukowcy dowiedli, że związki te wspierają zdrowie serca, pomagając obniżyć poziom cholesterolu, poprawiają zdrowie jelit i obniżają ciśnienie krwi. Czarna herbata
89%
Ten napój jest bogaty w katechiny, zwłaszcza galusan epigalokatechiny (EGCG) .Regularne picie tej herbaty powiązano również z mniejszym ryzykiem rozwoju niektórych rodzajów nowotworów, ma właściwości przeciwzapalne oraz może poprawić ogólny stan zdrowia i samopoczucie Zielona herbata
89%
Nie zawiera kofeiny i ma charakterystyczny, słodkawy smak. Jest bogata w przeciwutleniacze, które pomagają zwalczać wolne rodnik, dzięki czemu również może zmniejszać ryzyko raka i chorób serca. Ma również działanie uspokajające, poprawiające zasypianie i łagodzące stres. Czerwona herbata
63%
Słynie ze swojego delikatnego smaku, zawiera bardzo dużo antyoksydantów, pomoże w walce ze stresem oksydacyjnym i wolnymi rodnikami oraz zmniejszy dzięki temu ryzyko chorób przewlekłych Herbata ta weprze podczas redukcji masy ciała, wesprze zdrowie serca oraz pozytywnie wpłynie na kondycje skóry. Biała herbata
47%
Herbata ta działa uspokajająco, jest pełna przeciwutleniaczy, które zmniejszają ryzyko wielu chorób, w tym chorób serca i niektórych rodzajów nowotworów. To równie doskonałe wsparcie prawidłowej higieny snu, ponieważ zawiera apigeninę, która wiąże się z receptorami w mózgu, zmniejszając niepokój i ułatwiając zasypianie. Herbata rumiankowa
47%
Według powszechnego przekonania pomaga tylko na ból brzucha.Herbata ta jest bogata w przeciwutleniacze i może wspomagać trawienie. Ma również właściwości przeciwskurczowe, które łagodzą niektóre dolegliwości żołądkowe. Herbata miętowa
42%
Jedna z bardzo popularnych herbatek w naszym kraju i częsta baza tzw. herbat owocowych. Ma lekko pikantny smak. Zawiera przeciwutleniacze, takie jak witamina C i beta-karoten. Może również pomóc obniżyć ciśnienie tętnicze Herbata z hibiskusa
21%
Pomaga pozbyć się z organizmu toksyn i wszelkich metali ciężkich. Poprawia również przemianę materii oraz korzystnie wpływa na funkcjonowanie układu pokarmowego. Skóra stanie się jędrniejsza i promienna. Ponadto roślina wspiera funkcjonowanie układu odpornościowego, wzmacnia oraz dodaje energii. Herbata z czystka
16%
Tradycyjna chińska herbata. Ten napój uchodzi za herbaciany superfood. Słynie z walorów przeciwzapalnych, wspiera zdrowie układu sercowo-naczyniowego oraz poprawia metabolizm. Herbata Oolong
11%
Jest pełena witamin i minerałów oraz ma wiele właściwości prozdrowotnych, może wspierać zdrowie wątroby, stymulować trawienie i zmniejszać stany zapalne w organizmie. Ma również właściwości moczopędne, przez co wspiera organizm w wypłukiwaniu toksyn oraz poprawia zdrowie nerek. Herbata z mniszka lekarskiego
5%
Nie znaleziono quizów pasujących do podanych kryteriów
Rozkład punktacji
Procent ludzi z każdym wynikiem
Percentyl według liczby udzielonych odpowiedzi
Twoja historia wyników
Nie rozwiązałeś tego quizu